Vendedores de imagen: los retos de los nuevos gabinetes de comunicación
Tallennettuna:
| Päätekijät: | , |
|---|---|
| Aineistotyyppi: | Kirja |
| Kieli: | espanja |
| Julkaistu: |
Barcelona
Paidós
1997
|
| Painos: | 1a. ed |
| Sarja: | Papeles de Comunicación, 18
|
| Aiheet: | |
| Tagit: |
Lisää tagi
Ei tageja, Lisää ensimmäinen tagi!
|
MARC
| LEADER | 00000cam a2200000 a 4500 | ||
|---|---|---|---|
| 001 | UCD6841 | ||
| 003 | CL-VaPUC | ||
| 008 | 170226e19970000sp |||||||||||||||||spa|d | ||
| 020 | |a 8449303702 | ||
| 082 | 0 | 4 | |a 303.483 |b ALV |2 21 |
| 100 | 0 | |a Alvarez Domínguez, Tomás |e author |9 590682 | |
| 700 | 0 | |a Caballero Hueso, Mercedes |e author |9 590683 | |
| 245 | 1 | 0 | |a Vendedores de imagen: los retos de los nuevos gabinetes de comunicación |
| 250 | |a 1a. ed | ||
| 300 | |a 251 p | ||
| 942 | |c BK | ||
| 945 | |d 20170226 00:48:00 |a dcastane | ||
| 260 | |a Barcelona |b Paidós |c 1997 | ||
| 650 | 0 | |a Comunicación estratégica |9 555151 | |
| 650 | 0 | |a Tecnologías de las comunicaciones |9 335459 | |
| 650 | 0 | |a Internet |9 254823 | |
| 650 | 0 | |a Periodistas |9 335499 | |
| 583 | |a last modification |c 20170226 00:48:00 |k Rodrigo Vera | ||
| 490 | 0 | |a Papeles de Comunicación, 18 | |
| 999 | |c 367018 |d 367016 | ||
| 952 | |0 0 |1 0 |3 erb |4 0 |6 303_483000000000000_ALV_1997 |7 0 |8 A |9 481697 |a BIBENE |b BIBENE |i 5327903 |o 303.483 ALV 1997 |p 5327903 |r 2025-01-15 |w 2019-11-24 |y BK |z Catalogado en:20170226 |k ICO | ||